[Event "Det Ã¥pne NM 2013 Gruppe A"]
[Site "Quality Hotel & Resort Fagerne"]
[Date "2013.03.24"]
[Round "4"]
[White "Kristiansen, Willy"]
[Black "Haugli, Petter"]
[Result "0-1"]
[WhiteElo "2011"]
[BlackElo "2293"]
[PlyCount "58"]
[EventDate "2013.??.??"]

1. Nf3 Nf6 2. c4 c5 3. Nc3 Nc6 4. g3 e6 5. Bg2 Qb6 6. e4 Be7 7. O-O d6 8. d3
O-O 9. Rb1 Nd7 10. Be3 Bf6 11. Qd2 a5 12. Ne1 Nd4 13. f4 g6 14. f5 Qd8 15. g4
Rb8 16. g5 Be5 17. f6 b5 18. cxb5 Nxb5 19. Nxb5 Rxb5 20. Nf3 h5 21. Nxe5 Nxe5
22. Bf4 Nc6 23. Bf3 Nd4 24. Bxh5 e5 25. Qf2 gxh5 26. Qh4 Qd7 27. Qxh5 Qg4+ 28.
Qxg4 Bxg4 29. g6 Ne2+ 0-1

[Event "Det Ã¥pne NM 2013 Gruppe A"]
[Site "Quality Hotel & Resort Fagerne"]
[Date "2013.03.24"]
[Round "4"]
[White "Astrup, Kim Chr"]
[Black "Jacobsen, Fredrik Beer"]
[Result "1-0"]
[WhiteElo "2256"]
[BlackElo "1910"]
[PlyCount "91"]
[EventDate "2013.??.??"]

1. Nf3 Nf6 2. c4 g6 3. g3 Bg7 4. Bg2 d6 5. d4 Na6 6. Nc3 c5 7. d5 Bd7 8. O-O
Rb8 9. e4 Ng4 10. Bf4 O-O 11. Qe2 f6 12. Nd2 g5 13. Be3 h6 14. Kh1 Nb4 15. Rac1
f5 16. f4 Bd4 17. Bg1 gxf4 18. Rxf4 Be5 19. Rxf5 Bxf5 20. exf5 h5 21. Bf3 Qd7
22. Bxg4 hxg4 23. Qxg4+ Bg7 24. Rf1 Nd3 25. Nde4 Ne5 26. Qh3 Bf6 27. g4 Rf7 28.
g5 Rh7 29. Qg3 Rg7 30. Qh4 Rh7 31. Qf4 Bg7 32. Ng3 Rf8 33. Qe4 Rh3 34. Kg2 Rh7
35. Be3 Rh8 36. h4 Kf7 37. h5 Ke8 38. Rh1 Kd8 39. Nce2 Rfg8 40. Nf4 Qa4 41.
Ne6+ Kc8 42. Rc1 Qxa2 43. Rc2 Qb3 44. Bc1 Nd3 45. Rc3 Bxc3 46. Qxd3 1-0

[Event "Det Ã¥pne NM 2013 Gruppe A"]
[Site "Quality Hotel & Resort Fagerne"]
[Date "2013.03.24"]
[Round "4"]
[White "Ghaderi, Arman K"]
[Black "Stenersen, Gudmund"]
[Result "0-1"]
[WhiteElo "1819"]
[BlackElo "2219"]
[PlyCount "60"]
[EventDate "2013.??.??"]

1. e4 e5 2. Nf3 Nc6 3. Nc3 Nf6 4. d4 exd4 5. Nxd4 Bb4 6. Nxc6 bxc6 7. Bd3 d5 8.
exd5 cxd5 9. O-O O-O 10. Bg5 Be6 11. Nb5 c5 12. a3 Ba5 13. b4 cxb4 14. axb4
Bxb4 15. Rxa7 Rxa7 16. Nxa7 h6 17. Nc6 Qc7 18. Nxb4 hxg5 19. Qd2 Ng4 20. f4
gxf4 21. Qxf4 Qc5+ 22. Kh1 d4 23. Na6 Qh5 24. h3 Ne3 25. Re1 Bd5 26. Be4 Bxe4
27. Qxe4 Qa5 28. Nb4 Nxg2 29. Nc6 Qxe1+ 30. Qxe1 Nxe1 0-1

[Event "Det Ã¥pne NM 2013 Gruppe A"]
[Site "Quality Hotel & Resort Fagerne"]
[Date "2013.03.24"]
[Round "4"]
[White "Solli, Oddvar"]
[Black "Pap, Misa"]
[Result "0-1"]
[WhiteElo "1864"]
[BlackElo "2511"]
[PlyCount "48"]
[EventDate "2013.??.??"]

1. Nf3 Nf6 2. c4 c5 3. g3 d5 4. cxd5 Nxd5 5. Bg2 Nc6 6. O-O e5 7. Nc3 Nc7 8. d3
Be7 9. b3 O-O 10. Bb2 Be6 11. Rc1 b6 12. Qd2 Qd7 13. Rfd1 Rad8 14. Qc2 f5 15.
Nb1 Bf6 16. Nbd2 Nb5 17. Nc4 Nbd4 18. Nxd4 exd4 19. Qd2 Nb4 20. a3 Na2 21. Ra1
Nc3 22. Bxc3 dxc3 23. Qc2 Qc7 24. Rab1 b5 0-1

[Event "Det Ã¥pne NM 2013 Gruppe A"]
[Site "Quality Hotel & Resort Fagerne"]
[Date "2013.03.24"]
[Round "4"]
[White "LÃ¸bersli, Henrik Ã˜ie"]
[Black "Holm, Kristian Stuvik"]
[Result "0-1"]
[WhiteElo "1805"]
[BlackElo "2310"]
[PlyCount "64"]
[EventDate "2013.??.??"]

1. d4 g6 2. c4 Bg7 3. Nf3 c5 4. d5 d6 5. Nc3 Bxc3+ 6. bxc3 f5 7. e3 Qa5 8. Bd2
Nf6 9. Bd3 Nbd7 10. O-O Nb6 11. Qb3 Bd7 12. Rab1 O-O-O 13. Rfe1 Rde8 14. Re2
Qa6 15. Bc1 Nfxd5 16. cxd5 Qxd3 17. Rd2 Qa6 18. Qd1 Nc4 19. Re2 Nb6 20. Reb2
Qc4 21. Qb3 Qxb3 22. Rxb3 e6 23. Ng5 Re7 24. dxe6 Bxe6 25. Nxe6 Rxe6 26. Bd2
Rhe8 27. g3 Re4 28. Kf1 Ra4 29. R1b2 Nc4 30. Rc2 Kc7 31. Ke2 d5 32. Kf3 Re6 0-1

[Event "Det Ã¥pne NM 2013 Gruppe A"]
[Site "Quality Hotel & Resort Fagerne"]
[Date "2013.03.24"]
[Round "4"]
[White "Rygg, Snorre"]
[Black "Andreassen, Arnold"]
[Result "0-1"]
[WhiteElo "1827"]
[BlackElo "2069"]
[PlyCount "62"]
[EventDate "2013.??.??"]

1. c4 Nf6 2. g3 g6 3. Bg2 d5 4. cxd5 Nxd5 5. Nc3 Nb6 6. Nf3 Bg7 7. O-O Nc6 8.
d3 O-O 9. Rb1 h6 10. a3 a5 11. Nb5 e5 12. b3 Nd4 13. Nfxd4 exd4 14. a4 c6 15.
Na3 Nd5 16. Bd2 Bg4 17. h3 Be6 18. Qc1 Kh7 19. b4 axb4 20. Bxb4 Nxb4 21. Rxb4
Qe7 22. Qb2 Ra7 23. Rb1 Re8 24. Kf1 Bf8 25. Qd2 Qd7 26. Nc2 Bxb4 27. Qxb4 Bxh3
28. Qxd4 Bxg2+ 29. Kxg2 Qxd4 30. Nxd4 Rxa4 31. e3 Re7 0-1

[Event "Det Ã¥pne NM 2013 Gruppe A"]
[Site "Quality Hotel & Resort Fagerne"]
[Date "2013.03.24"]
[Round "4"]
[White "Lien, Kjell HÃ¥kon"]
[Black "HÃ¸lleland, Sigve"]
[Result "1-0"]
[WhiteElo "1905"]
[BlackElo "1704"]
[PlyCount "38"]
[EventDate "2013.??.??"]

1. e4 Nf6 2. Nc3 d5 3. exd5 Nxd5 4. Bc4 Nxc3 5. Qf3 e6 6. Qxc3 Nc6 7. Nf3 Bd7
8. a3 Rg8 9. d4 g5 10. Be3 g4 11. Ne5 Nxe5 12. dxe5 Be7 13. O-O-O Bg5 14. Kb1
Bxe3 15. Qxe3 Qe7 16. Rd3 b5 17. Ba2 Bc6 18. f3 gxf3 19. gxf3 Rd8 1-0

[Event "Det Ã¥pne NM 2013 Gruppe A"]
[Site "Quality Hotel & Resort Fagerne"]
[Date "2013.03.24"]
[Round "4"]
[White "Andersen, Dag"]
[Black "Bue, Gunnar"]
[Result "1/2-1/2"]
[WhiteElo "1876"]
[BlackElo "1686"]
[PlyCount "22"]
[EventDate "2013.??.??"]

1. e4 d6 2. d4 Nf6 3. Nc3 g6 4. f4 Bg7 5. Nf3 O-O 6. Bd3 Nc6 7. Be3 a6 8. g3 b5
9. d5 Nb8 10. O-O c6 11. dxc6 Nxc6 1/2-1/2

[Event "Det Ã¥pne NM 2013 Gruppe A"]
[Site "Quality Hotel & Resort Fagerne"]
[Date "2013.03.24"]
[Round "4"]
[White "BjÃ¸rgvik, Jan Arne"]
[Black "Dahl, Trygve"]
[Result "0-1"]
[WhiteElo "1870"]
[BlackElo "1750"]
[PlyCount "88"]
[EventDate "2013.??.??"]

1. e4 c5 2. Nf3 e6 3. c3 a6 4. Be2 Qc7 5. O-O d6 6. a4 b6 7. c4 Nd7 8. Nc3 Be7
9. Re1 Bb7 10. d3 Ngf6 11. h3 O-O 12. Bf4 Qb8 13. Qc2 Bd8 14. Reb1 Bc7 15. b4
cxb4 16. Rxb4 d5 17. Bxc7 Qxc7 18. Rab1 dxe4 19. dxe4 Rab8 20. g3 Ba8 21. Nd2
Rfc8 22. Nd1 Nc5 23. Bf3 Rd8 24. Nb2 a5 25. Rb5 Bc6 26. Rxc5 bxc5 27. e5 Nd7
28. Bxc6 Qxc6 29. f4 Nb6 30. Rf1 Nc8 31. Qc3 Qd7 32. Nf3 Na7 33. Rd1 Qc7 34.
Rc1 Nc6 35. Nd3 Nd4 36. Nxd4 Rxd4 37. Ra1 Rbd8 38. Nf2 Qb6 39. Re1 Rb8 40. Ne4
Qb4 41. Qe3 Qxc4 42. Kf2 Rb2+ 43. Kg1 Qc2 44. Nf2 Re4 0-1

[Event "Det Ã¥pne NM 2013 Gruppe A"]
[Site "Quality Hotel & Resort Fagerne"]
[Date "2013.03.24"]
[Round "4"]
[White "SundsbÃ¸, Sigve"]
[Black "Skagseth, HÃ¥vard M"]
[Result "0-1"]
[WhiteElo "1696"]
[BlackElo "1917"]
[PlyCount "100"]
[EventDate "2013.??.??"]

1. d4 Nf6 2. c4 c5 3. d5 b5 4. cxb5 a6 5. b6 d6 6. Nc3 Nbd7 7. e4 Rb8 8. Be2 g6
9. Nf3 Bg7 10. O-O O-O 11. Qc2 Qxb6 12. h3 Ne8 13. Rb1 Nc7 14. Bg5 Re8 15. Nd2
Nb5 16. Nc4 Qc7 17. Qd2 Ne5 18. Nxe5 Bxe5 19. Bf4 Bg7 20. Be3 Qa5 21. Rbc1 Bd7
22. Qd3 Ra8 23. Bd2 Qc7 24. Rb1 Nd4 25. Rfc1 Bb5 26. Qe3 Reb8 27. Bd3 Bxd3 28.
Qxd3 a5 29. Ne2 Nxe2+ 30. Qxe2 Bxb2 31. Rc2 Bf6 32. Rb5 a4 33. Bc3 Bxc3 34.
Rxc3 Rxb5 35. Qxb5 Qb8 36. Qd3 Qb2 37. Qc4 Rb8 38. Rc2 Qb4 39. Qe2 Qd4 40. Rd2
Rb1+ 41. Kh2 Qe5+ 42. g3 Rb4 43. f3 a3 44. Kg2 Rb2 45. Kf2 Qc3 46. Ke1 Qc1+ 47.
Qd1 Qc4 48. Qa1 Qc3 49. Qd1 Qe3+ 50. Re2 Qg1# 0-1

[Event "Det Ã¥pne NM 2013 Gruppe A"]
[Site "Quality Hotel & Resort Fagerne"]
[Date "2013.03.24"]
[Round "4"]
[White "Tangelder, Yonne"]
[Black "NordstrÃ¸m, HÃ¥kon N"]
[Result "0-1"]
[WhiteElo "1781"]
[BlackElo "1835"]
[PlyCount "62"]
[EventDate "2013.??.??"]

1. e4 e6 2. d4 d5 3. e5 c5 4. c3 Nc6 5. Be3 Qb6 6. Qd2 Nge7 7. dxc5 Qc7 8. f4
Nf5 9. Bf2 Bd7 10. Na3 Qa5 11. Nb5 Rc8 12. Nd6+ Bxd6 13. exd6 d4 14. g4 Qxc5
15. gxf5 Qd5 16. Bxd4 Qxh1 17. O-O-O O-O 18. f6 Qd5 19. fxg7 Rfe8 20. Bf6 Qxa2
21. Bd3 Qa1+ 22. Bb1 Nb4 23. Qe3 Na2+ 24. Kd2 Qxb2+ 25. Ke1 e5 26. Bxa2 exf4
27. Bxf7+ Kxf7 28. g8=Q+ Kxg8 29. Qe7 Rxe7+ 30. dxe7 Kf7 31. Rxd7 Kxf6 0-1

[Event "Det Ã¥pne NM 2013 Gruppe A"]
[Site "Quality Hotel & Resort Fagerne"]
[Date "2013.03.24"]
[Round "4"]
[White "SÃ¦tre, Mathias"]
[Black "Mundal, Arnold"]
[Result "1-0"]
[WhiteElo "1779"]
[BlackElo "2005"]
[PlyCount "87"]
[EventDate "2013.??.??"]

1. e4 e6 2. d4 b6 3. c4 c6 4. Nc3 Bb7 5. Nf3 d6 6. Bd3 Nd7 7. O-O e5 8. d5 Ngf6
9. Bd2 g6 10. Rc1 Bg7 11. b4 O-O 12. Qa4 Nb8 13. Rc2 a5 14. h3 axb4 15. Qxb4
Na6 16. Qb2 Nc5 17. Ne1 b5 18. dxc6 Bxc6 19. cxb5 Bxe4 20. Nxe4 Nfxe4 21. Be3
Nxd3 22. Nxd3 Qa5 23. b6 Rab8 24. Nb4 Qb5 25. Nc6 Qxb2 26. Rxb2 Rb7 27. Na5
Rbb8 28. b7 Nc5 29. Bxc5 dxc5 30. Nc6 e4 31. Rb3 f5 32. Nxb8 Rxb8 33. Rfb1 Kf7
34. Ra3 Ke7 35. Ra8 Be5 36. Rxb8 Bxb8 37. Rd1 Ba7 38. Kf1 Bb8 39. a4 Ke8 40. a5
Ke7 41. a6 Ba7 42. Ke2 Bb8 43. Ra1 Ba7 44. b8=Q 1-0

[Event "Det Ã¥pne NM 2013 Gruppe A"]
[Site "Quality Hotel & Resort Fagerne"]
[Date "2013.03.24"]
[Round "5"]
[White "Agdestein, Simen"]
[Black "Elsness, Frode"]
[Result "1/2-1/2"]
[WhiteElo "2555"]
[BlackElo "2483"]
[PlyCount "59"]
[EventDate "2013.??.??"]

1. c4 c5 2. Nf3 Nc6 3. d4 cxd4 4. Nxd4 e6 5. Nc3 Bc5 6. Nb3 Bb4 7. g3 Nf6 8.
Bg2 d5 9. cxd5 Nxd5 10. O-O Nxc3 11. bxc3 Bxc3 12. Rb1 O-O 13. Qc2 Bb4 14. Be3
Be7 15. Rfd1 Nb4 16. Qb2 Nd5 17. Bd4 Bf6 18. e4 Nb6 19. e5 Be7 20. Na5 Qe8 21.
Nxb7 Bxb7 22. Bxb7 Rb8 23. Ba6 Qc6 24. Bb5 Qa8 25. Qe2 Rfd8 26. a4 a6 27. Bxa6
Nxa4 28. Rxb8 Qxb8 29. Ba1 Nc5 30. Rxd8+ 1/2-1/2

[Event "Det Ã¥pne NM 2013 Gruppe A"]
[Site "Quality Hotel & Resort Fagerne"]
[Date "2013.03.24"]
[Round "5"]
[White "Turov, Maxim"]
[Black "Tari, Aryan"]
[Result "1-0"]
[WhiteElo "2599"]
[BlackElo "2293"]
[PlyCount "89"]
[EventDate "2013.??.??"]

1. d4 Nf6 2. c4 e6 3. Nc3 Bb4 4. Qc2 O-O 5. a3 Bxc3+ 6. Qxc3 d5 7. Nf3 dxc4 8.
Qxc4 b6 9. Bg5 Ba6 10. Qc2 Bb7 11. e3 c5 12. dxc5 bxc5 13. Be2 Qa5+ 14. Qd2
Qxd2+ 15. Nxd2 Nbd7 16. f3 Rfd8 17. O-O-O h6 18. Bh4 Ne5 19. Nc4 Nxc4 20. Rxd8+
Rxd8 21. Bxc4 g5 22. Bf2 Bd5 23. Rd1 Rc8 24. Ba6 Rc6 25. Be2 Bb3 26. Rd8+ Kg7
27. e4 Rc7 28. Bg3 Rd7 29. Rxd7 Nxd7 30. Bb5 Nb6 31. Bd6 c4 32. Bb8 a5 33. Bc7
Na4 34. Bxa5 f5 35. Bc3+ Kf7 36. Bd4 h5 37. Kd2 fxe4 38. fxe4 Ke7 39. e5 Kf7
40. Bc6 Kg6 41. Be4+ Kf7 42. Bc2 Bxc2 43. Kxc2 Kg6 44. b3 cxb3+ 45. Kxb3 1-0

[Event "Det Ã¥pne NM 2013 Gruppe A"]
[Site "Quality Hotel & Resort Fagerne"]
[Date "2013.03.24"]
[Round "5"]
[White "Stenersen, Gudmund"]
[Black "Miezis, Normunds"]
[Result "0-1"]
[WhiteElo "2219"]
[BlackElo "2552"]
[PlyCount "59"]
[EventDate "2013.??.??"]

1. e4 c5 2. Nf3 e6 3. d4 cxd4 4. Nxd4 a6 5. c4 Nf6 6. Nc3 Bb4 7. Qf3 Qc7 8. Bd2
Bd6 9. Qd3 Be7 10. f4 d6 11. Rc1 Nc6 12. Nd5 exd5 13. cxd5 Bd7 14. dxc6 bxc6
15. Be2 O-O 16. Bf3 c5 17. e5 dxe5 18. Bxa8 Rxa8 19. Nf5 Bf8 20. O-O e4 21. Qh3
Qc8 22. g4 Nxg4 23. Qxg4 Bxf5 24. Qh4 Rb8 25. b3 Rb6 26. Rc3 Qd7 27. Qf2 Rd6
28. Be3 Bh3 29. Bxc5 Rd2 30. Qe3 0-1

[Event "Det Ã¥pne NM 2013 Gruppe A"]
[Site "Quality Hotel & Resort Fagerne"]
[Date "2013.03.24"]
[Round "5"]
[White "LÃ¸berg, Jo Kristian"]
[Black "Johannessen, Leif E"]
[Result "0-1"]
[WhiteElo "2056"]
[BlackElo "2521"]
[PlyCount "146"]
[EventDate "2013.??.??"]

1. e4 d6 2. d4 Nf6 3. Bd3 e5 4. c3 d5 5. dxe5 Nxe4 6. Bxe4 dxe4 7. Qa4+ Bd7 8.
Qxe4 Bc6 9. Qg4 h5 10. Qh3 Qd7 11. f3 Bc5 12. Bf4 f6 13. exf6 O-O 14. Qxd7 Nxd7
15. Nd2 Rfe8+ 16. Kd1 Nxf6 17. Kc2 Bd7 18. Rd1 Bf5+ 19. Kb3 Be6+ 20. Kc2 Nd5
21. Ne2 Bf5+ 22. Ne4 c6 23. Bc1 Bxe4+ 24. fxe4 Rxe4 25. Ng3 Rg4 26. Nxh5 Rxg2+
27. Rd2 Rg4 28. Ng3 Rf8 29. Re1 Rh4 30. Re4 Rh3 31. Rg2 Rf2+ 32. Re2 Rxe2+ 33.
Rxe2 Bd6 34. Rg2 Rh4 35. Kb3 Rg4 36. Bd2 Kh7 37. Be1 Kg6 38. Re2 Kf7 39. Nf5
Bf8 40. Bg3 g6 41. Nd6+ Bxd6 42. Bxd6 b5 43. Kc2 Ra4 44. a3 a5 45. b3 Rh4 46.
Bg3 Rg4 47. Rf2+ Ke6 48. Kd3 a4 49. c4 Nb6 50. Re2+ Kd7 51. cxb5 cxb5 52. Re5
axb3 53. Rxb5 Na4 54. Rxb3 Nc5+ 55. Kc2 Nxb3 56. Kxb3 Kc6 57. Kc3 Kc5 58. Bf2+
Kb5 59. Bg3 Rc4+ 60. Kb3 Re4 61. Kc3 Re3+ 62. Kb2 Kc4 63. Bd6 Re2+ 64. Kc1 Kd5
65. Bg3 Ra2 66. Kd1 Rxa3 67. Ke2 Ke4 68. Kd2 Rxg3 69. hxg3 Kf3 70. Ke1 Kxg3 71.
Kf1 g5 72. Kg1 g4 73. Kh1 Kf2 0-1

[Event "Det Ã¥pne NM 2013 Gruppe A"]
[Site "Quality Hotel & Resort Fagerne"]
[Date "2013.03.24"]
[Round "5"]
[White "Gullaksen, Eirik"]
[Black "Frisk, Ellinor"]
[Result "1-0"]
[WhiteElo "2391"]
[BlackElo "2193"]
[PlyCount "133"]
[EventDate "2013.??.??"]

1. d4 d5 2. c4 c6 3. Nf3 Nf6 4. Nc3 dxc4 5. a4 e6 6. e3 c5 7. Bxc4 Nc6 8. O-O
cxd4 9. exd4 Be7 10. Re1 O-O 11. Bf4 Nb4 12. Rc1 Bd7 13. Ne5 Rc8 14. Nxd7 Qxd7
15. Bb5 Qd8 16. Qf3 a6 17. Bf1 Nbd5 18. Be5 Qd7 19. Bd3 Rfd8 20. Bb1 g6 21. Ba2
Rc6 22. h4 Rdc8 23. g3 Qd8 24. Kg2 Nb4 25. Bb3 h5 26. Rcd1 Nfd5 27. Ne4 Qf8 28.
a5 Qh6 29. Ba4 Rc4 30. Nd6 Bxd6 31. Bxd6 Nc2 32. Bxc2 Rxc2 33. Qb3 R8c6 34. Bc5
R2xc5 35. dxc5 Rxc5 36. Qxb7 Rxa5 37. Re2 Qg7 38. Rc1 Qf6 39. Qb8+ Kg7 40. Qe5
Qxe5 41. Rxe5 Rb5 42. Re2 a5 43. Rc4 Nb6 44. Rc6 a4 45. Kf1 Rb4 46. Rc7 Nc4 47.
Rxe6 Rxb2 48. Ree7 Nd6 49. Ra7 a3 50. Rxa3 Nf5 51. Re2 Rb1+ 52. Kg2 Rb4 53. Rd2
Rb7 54. Kh3 Rb4 55. Rd7 Rb2 56. f3 Nh6 57. g4 hxg4+ 58. fxg4 Rf2 59. Raa7 Rf3+
60. Kg2 Rf4 61. g5 Ng8 62. Kg3 Rf5 63. Rd8 Rb5 64. Re8 Rb3+ 65. Kf2 Rb2+ 66.
Ke3 Rb3+ 67. Kd2 1-0

[Event "Det Ã¥pne NM 2013 Gruppe A"]
[Site "Quality Hotel & Resort Fagerne"]
[Date "2013.03.24"]
[Round "5"]
[White "Moen, Andreas G.R"]
[Black "Svensen, Tarjei Joten"]
[Result "1-0"]
[WhiteElo "2390"]
[BlackElo "2085"]
[PlyCount "101"]
[EventDate "2013.??.??"]

1. e4 e6 2. d4 d5 3. Nd2 Nf6 4. e5 Nfd7 5. Bd3 c5 6. c3 Nc6 7. Ne2 cxd4 8. cxd4
f6 9. exf6 Qxf6 10. Nf3 h6 11. O-O Bd6 12. Be3 O-O 13. Bc2 Rd8 14. Qd2 Nf8 15.
Bf4 Bxf4 16. Nxf4 Bd7 17. Rac1 Be8 18. Qe3 Bf7 19. g3 Rac8 20. Kg2 Rc7 21. h4
Rdc8 22. Bb1 Ne7 23. Ne5 Nf5 24. Bxf5 Qxf5 25. Rxc7 Rxc7 26. Re1 Rc2 27. Qb3
Rc7 28. Qa3 g5 29. hxg5 hxg5 30. Nfd3 Bg6 31. Qxa7 Rh7 32. Qb8 Qh3+ 33. Kf3
Bxd3 34. Nxd3 Qh5+ 35. Ke3 Rf7 36. Kd2 Qg4 37. Qe5 Rf5 38. Qe3 Rf3 39. Ne5 Rxe3
40. Nxg4 Rf3 41. Rc1 Kg7 42. Rc7+ Rf7 43. Rxf7+ Kxf7 44. Ke3 Ke7 45. Ne5 Nh7
46. g4 Nf6 47. a4 Ne4 48. a5 Nd6 49. b3 Kf6 50. Nd3 Ke7 51. Nc5 1-0

[Event "Det Ã¥pne NM 2013 Gruppe A"]
[Site "Quality Hotel & Resort Fagerne"]
[Date "2013.03.24"]
[Round "5"]
[White "Holm, Kristian Stuvik"]
[Black "Kristiansen, Willy"]
[Result "1/2-1/2"]
[WhiteElo "2310"]
[BlackElo "2011"]
[PlyCount "124"]
[EventDate "2013.??.??"]

1. c4 e6 2. Nc3 d5 3. d4 Nf6 4. Bg5 Be7 5. cxd5 exd5 6. e3 c6 7. Bd3 Nbd7 8.
Nf3 O-O 9. Qc2 Re8 10. O-O Nf8 11. Rab1 Ne4 12. Bxe7 Qxe7 13. b4 a6 14. a4 Bf5
15. b5 axb5 16. axb5 Ra3 17. Bxe4 dxe4 18. Nd2 Nd7 19. Rfc1 Rc8 20. bxc6 bxc6
21. Nc4 Ra7 22. Na4 h6 23. Nab6 Nxb6 24. Nxb6 Rcc7 25. Na4 Bg6 26. Nc5 Rc8 27.
Rb2 f5 28. Rcb1 Kh7 29. Rb7 Rxb7 30. Rxb7 Rc7 31. Qb3 Rxb7 32. Qxb7 Qxb7 33.
Nxb7 Bf7 34. Kf1 g5 35. Ke2 Kg6 36. Kd2 f4 37. Nc5 Kf5 38. Nd7 Be8 39. Ne5 h5
40. Kc3 fxe3 41. fxe3 c5 42. Nc4 cxd4+ 43. Kxd4 Bc6 44. Nd6+ Ke6 45. Nc4 Ba8
46. Nb2 h4 47. Nd1 Kf5 48. Nf2 Bb7 49. g4+ hxg3 50. hxg3 Bc6 51. g4+ Kg6 52.
Nxe4 Bd7 53. Nf2 Kf6 54. e4 Ke6 55. Nd1 Bb5 56. Nf2 Bd7 57. Nd3 Ke7 58. Ne5 Be6
59. Kc5 Bc8 60. Kd5 Be6+ 61. Kc6 Bc8 62. Nf3 Bxg4 1/2-1/2

[Event "Det Ã¥pne NM 2013 Gruppe A"]
[Site "Quality Hotel & Resort Fagerne"]
[Date "2013.03.24"]
[Round "5"]
[White "Dolzhikova, Olga"]
[Black "Haug, Johannes"]
[Result "1/2-1/2"]
[WhiteElo "2270"]
[BlackElo "1990"]
[PlyCount "84"]
[EventDate "2013.??.??"]

1. e4 e6 2. d4 d5 3. e5 c5 4. c3 Nc6 5. Nf3 Bd7 6. a3 c4 7. Bf4 Na5 8. Nbd2 Ne7
9. h4 Nc8 10. h5 h6 11. g4 Nb6 12. g5 Ba4 13. Qb1 hxg5 14. Nxg5 Qd7 15. Be2
O-O-O 16. Bg4 Re8 17. Kf1 Nb3 18. Nxb3 cxb3 19. Bg3 Nc4 20. Kg2 a5 21. Qc1 Re7
22. Rb1 Qe8 23. Qf4 Bc6 24. Rhf1 b5 25. Qc1 Kb7 26. f4 f6 27. Nh3 f5 28. Be2 g6
29. Bh4 Reh7 30. Bf6 Rg8 31. Ng5 gxh5 32. Kf2 Rh6 33. Rh1 Bg7 34. Bxg7 Rxg7 35.
Rh4 Rg8 36. Qd1 a4 37. Bf3 Rgh8 38. Qe2 Kc7 39. Rbh1 Qe7 40. R1h2 Be8 41. Rh1
Bg6 42. Kg2 Qe8 1/2-1/2

[Event "Det Ã¥pne NM 2013 Gruppe A"]
[Site "Quality Hotel & Resort Fagerne"]
[Date "2013.03.24"]
[Round "5"]
[White "Lindblom, Roar"]
[Black "Hauge, Lars Oskar"]
[Result "0-1"]
[WhiteElo "1884"]
[BlackElo "2182"]
[PlyCount "72"]
[EventDate "2013.??.??"]

1. d4 Nf6 2. c4 g6 3. Nc3 Bg7 4. e4 d6 5. f4 O-O 6. Be2 c5 7. d5 e6 8. Nf3 exd5
9. e5 dxe5 10. fxe5 Ng4 11. Bg5 Qa5 12. O-O d4 13. Nd5 Nc6 14. Nxd4 cxd4 15.
Bxg4 Be6 16. b4 Nxb4 17. Ne7+ Kh8 18. Bf6 Nc6 19. Qf3 Qxe5 20. Bxe5 Nxe5 21.
Qxb7 Nxg4 22. c5 d3 23. Rab1 d2 24. Qe4 Rae8 25. Qb7 Ne3 26. c6 Nxf1 27. Rxf1
Bc4 28. Rd1 Bd4+ 29. Kh1 Bf6 30. Rxd2 Rxe7 31. Qb1 Rfe8 32. Rd1 Bc3 33. h3 Re1+
34. Kh2 Be5+ 35. g3 Re2+ 36. Kh1 Bd4 0-1

[Event "Det Ã¥pne NM 2013 Gruppe A"]
[Site "Quality Hotel & Resort Fagerne"]
[Date "2013.03.24"]
[Round "6"]
[White "Rozentalis, Eduardas"]
[Black "Elsness, Frode"]
[Result "1-0"]
[WhiteElo "2616"]
[BlackElo "2483"]
[PlyCount "119"]
[EventDate "2013.??.??"]

1. e4 e5 2. Nf3 Nc6 3. Bb5 a6 4. Bxc6 dxc6 5. d3 Bd6 6. Be3 c5 7. c3 Ne7 8. a3
O-O 9. b4 cxb4 10. axb4 f6 11. Nbd2 Be6 12. O-O Qd7 13. Qb1 Ng6 14. d4 exd4 15.
Nxd4 Bf4 16. Re1 Rad8 17. N2b3 Bxb3 18. Qxb3+ Qf7 19. Qxf7+ Kxf7 20. Nb3 Bxe3
21. Rxe3 b6 22. g3 Ra8 23. Re2 Rfd8 24. Nd4 Ne5 25. Rea2 c5 26. bxc5 bxc5 27.
Nf5 g6 28. Ne3 Rd6 29. Kg2 h5 30. h3 Ra7 31. Ra5 Nd7 32. R1a3 Re6 33. Kf3 Ne5+
34. Ke2 Nd7 35. R3a4 Rb6 36. f4 Rb2+ 37. Kf3 Rb6 38. Nd5 Rd6 39. c4 Nb6 40.
Rxa6 Rxa6 41. Rxa6 Nxc4 42. Ra7+ Kf8 43. Ra2 Nb6 44. Ra6 Nc4 45. Rxd6 Nxd6 46.
Nxf6 Ke7 47. e5 Nf5 48. g4 hxg4+ 49. hxg4 Nh6 50. Ke3 Ke6 51. Ke4 c4 52. Kd4
Nf7 53. Ne4 Nh6 54. Nc5+ Ke7 55. g5 Nf5+ 56. Kxc4 Ng3 57. Kd3 Nh5 58. Ke3 Ng3
59. Nb3 Ke6 60. Nd4+ 1-0

[Event "Det Ã¥pne NM 2013 Gruppe A"]
[Site "Quality Hotel & Resort Fagerne"]
[Date "2013.03.24"]
[Round "6"]
[White "Getz, Nicolai"]
[Black "Turov, Maxim"]
[Result "1/2-1/2"]
[WhiteElo "2352"]
[BlackElo "2599"]
[PlyCount "83"]
[EventDate "2013.??.??"]

1. e4 c5 2. Nf3 a6 3. b3 e6 4. Bb2 d6 5. d4 cxd4 6. Nxd4 Nf6 7. Bd3 Be7 8. c4
b6 9. f4 Bb7 10. e5 dxe5 11. fxe5 Bb4+ 12. Nd2 Ne4 13. Bxe4 Bxe4 14. Qg4 Bxd2+
15. Kxd2 Bg6 16. Ba3 Nd7 17. Bd6 Nf6 18. exf6 Qxd6 19. fxg7 Rg8 20. Kc3 Rd8 21.
Rad1 Qe5 22. Rhe1 Qf6 23. Qf3 Qxf3+ 24. Nxf3 Rxg7 25. Rxd8+ Kxd8 26. Ne5 Kc7
27. g4 Kd6 28. g5 Bh5 29. h4 h6 30. gxh6 Rh7 31. b4 Rxh6 32. Kd4 f6 33. c5+
bxc5+ 34. bxc5+ Kc7 35. Nd3 e5+ 36. Kc3 Bf7 37. Rg1 Kc6 38. Rg7 Bg6 39. Nb4+
Kxc5 40. Rc7+ Kb5 41. Rb7+ Kc5 42. Rc7+ 1/2-1/2

[Event "Det Ã¥pne NM 2013 Gruppe A"]
[Site "Quality Hotel & Resort Fagerne"]
[Date "2013.03.24"]
[Round "6"]
[White "Volkov, Sergey"]
[Black "Galinsky, Timofey"]
[Result "1/2-1/2"]
[WhiteElo "2593"]
[BlackElo "2416"]
[PlyCount "72"]
[EventDate "2013.??.??"]

1. d4 d5 2. c4 e6 3. Nc3 Nf6 4. cxd5 exd5 5. Bg5 Be7 6. e3 O-O 7. Nf3 h6 8. Bh4
c6 9. Bd3 Ne4 10. Bg3 f5 11. Ne5 Qe8 12. Qb3 Nxg3 13. hxg3 Nd7 14. f4 Nxe5 15.
fxe5 a5 16. Ne2 a4 17. Qc2 c5 18. Nf4 c4 19. Be2 Be6 20. Bh5 Qd7 21. Bg6 Bg5
22. O-O Qe7 23. a3 Bxf4 24. exf4 Ra6 25. Qe2 b5 26. g4 Qh4 27. gxf5 Bxf5 28.
Bxf5 Rxf5 29. Qf3 Rg6 30. Qxd5+ Kh7 31. Qe4 Rh5 32. d5 Rhg5 33. Rf2 Rh5 34.
Rff1 Rhg5 35. Rf2 Rh5 36. Rff1 Rhg5 1/2-1/2

[Event "Det Ã¥pne NM 2013 Gruppe A"]
[Site "Quality Hotel & Resort Fagerne"]
[Date "2013.03.24"]
[Round "6"]
[White "Ninov, Nikolai"]
[Black "Agdestein, Simen"]
[Result "1/2-1/2"]
[WhiteElo "2508"]
[BlackElo "2555"]
[PlyCount "50"]
[EventDate "2013.??.??"]

1. e4 e6 2. d4 d5 3. Nc3 Bb4 4. Nge2 dxe4 5. a3 Be7 6. Nxe4 Nf6 7. Qd3 Nbd7 8.
N2c3 O-O 9. Be2 Nxe4 10. Nxe4 e5 11. dxe5 Nxe5 12. Qxd8 Bxd8 13. Bf4 Ng6 14.
Be3 Bf5 15. Nc5 b6 16. Nd3 Be4 17. f3 Bb7 18. Kf2 Bf6 19. Rhe1 Rfe8 20. c3 a5
21. Rad1 Bc6 22. g3 Ba4 23. Rd2 Re7 24. Bd1 Bc6 25. Nf4 Nxf4 1/2-1/2

[Event "Det Ã¥pne NM 2013 Gruppe A"]
[Site "Quality Hotel & Resort Fagerne"]
[Date "2013.03.24"]
[Round "6"]
[White "Miezis, Normunds"]
[Black "Gullaksen, Eirik"]
[Result "1/2-1/2"]
[WhiteElo "2552"]
[BlackElo "2391"]
[PlyCount "81"]
[EventDate "2013.??.??"]

1. c4 g6 2. Nc3 Bg7 3. g3 d6 4. Bg2 e5 5. d3 Nc6 6. e4 f5 7. Nge2 Nf6 8. O-O
O-O 9. f3 fxe4 10. dxe4 Be6 11. Nd5 Nd4 12. Nxd4 exd4 13. b3 c5 14. Bg5 Rb8 15.
a4 b6 16. Qd2 a6 17. f4 Qd7 18. Nxf6+ Bxf6 19. f5 Bxg5 20. Qxg5 Bf7 21. h4 Qd8
22. fxg6 Bxg6 23. Rxf8+ Kxf8 24. Qh6+ Kg8 25. h5 Bf7 26. Rf1 Qe7 27. Rf6 Rd8
28. Bh3 Kh8 29. Bf5 Bg8 30. Kf2 d3 31. Ke3 Qe5 32. Rg6 Qd4+ 33. Kf3 d2 34.
Rxg8+ Kxg8 35. Bxh7+ Kf7 36. Bg6+ Kf6 37. Qf4+ Kg7 38. Qf7+ Kh6 39. Qf4+ Kg7
40. Qf7+ Kh6 41. Qf4+ 1/2-1/2

[Event "Det Ã¥pne NM 2013 Gruppe A"]
[Site "Quality Hotel & Resort Fagerne"]
[Date "2013.03.24"]
[Round "6"]
[White "Pap, Misa"]
[Black "Hauge, Lars Oskar"]
[Result "1-0"]
[WhiteElo "2511"]
[BlackElo "2182"]
[PlyCount "69"]
[EventDate "2013.??.??"]

1. e4 c5 2. Nf3 d6 3. d4 cxd4 4. Nxd4 Nf6 5. Nc3 a6 6. Bc4 e6 7. a3 Be7 8. O-O
O-O 9. Ba2 Qc7 10. f4 b5 11. f5 e5 12. Nde2 Bb7 13. Bg5 Nbd7 14. Ng3 a5 15. Nh5
b4 16. Bxf6 Nxf6 17. Nd5 Bxd5 18. Bxd5 Qc5+ 19. Kh1 Rac8 20. axb4 axb4 21. Bb3
Nxh5 22. Qxh5 Qd4 23. Qg4 Bf6 24. Rad1 Qb6 25. Rf3 Rc7 26. Rh3 Ra8 27. Qh5 h6
28. Rhd3 Ra6 29. Qe2 Rca7 30. Qe1 Qb8 31. g3 Rb6 32. Kg2 Kh7 33. Qd2 Bg5 34.
Qf2 Rd7 35. f6 1-0